Central Library OPAC University of Rajshahi

Flashing wings / (Record no. 22132)

MARC details
000 -LEADER
fixed length control field 00600nam a2200229 a 4500
001 - CONTROL NUMBER
control field 22132
003 - CONTROL NUMBER IDENTIFIER
rucl marc code BD-RjUL
005 - DATE AND TIME OF LATEST TRANSACTION
control field 20211209000754.0
008 - FIXED-LENGTH DATA ELEMENTS--GENERAL INFORMATION
fixed length control field 820723s1969 bg 000 0 eng d
020 ## - INTERNATIONAL STANDARD BOOK NUMBER
International Standard Book Number 0285502360
035 ## - SYSTEM CONTROL NUMBER
System control number (BD-RjUL)22197
040 ## - CATALOGING SOURCE
Original cataloging agency NJT
Transcribing agency NJT
Modifying agency UKM
-- EQO
-- BD-RjUL
Language of cataloging eng
041 ## - LANGUAGE CODE
Language code of text/sound track or separate title eng
082 04 - DEWEY DECIMAL CLASSIFICATION NUMBER
Classification number 598.218
Edition number 18
Author mark and year NIF
090 ## - LOCALLY ASSIGNED LC-TYPE CALL NUMBER (OCLC); LOCAL CALL NUMBER (OCLC)
Classification number (OCLC) (R) ; Classification number, CALL (RLIN) (NR) QL698
Local cutter number (OCLC) ; Book number/undivided call number, CALL (RLIN) .T44 1969b
100 1# - MAIN ENTRY--PERSONAL NAME
Personal name Niyogi, Ajit Kumar
9 (RLIN) 68338
245 10 - TITLE STATEMENT
Title Flashing wings /
Statement of responsibility, etc. Ajit Kumar Niyogi
260 ## - PUBLICATION, DISTRIBUTION, ETC. (IMPRINT)
Place of publication, distribution, etc. Dacca :
Name of publisher, distributor, etc. Taxila Limited,
Date of publication, distribution, etc. 1972.
300 ## - PHYSICAL DESCRIPTION
Pagination 48 p. :
Illustrations ill. ;
Size 24 cm.
650 #0 - SUBJECT ADDED ENTRY--TOPICAL TERM
Topical term or geographic name as entry element Flight.
9 (RLIN) 68339
942 ## - ADDED ENTRY ELEMENTS (KOHA)
Source of classification or shelving scheme Dewey Decimal Classification
Koha item type Books
Holdings
Lost status Source of classification or shelving scheme Damaged status Not for loan Collection code Permanent Location Current Location Shelving location Date acquired Source of acquisition Cost, normal purchase price Total Checkouts Full call number Date last seen Copy number Koha item type
  Dewey Decimal Classification   Added to bundle Non-fiction Central Library, University of Rajshahi Central Library, University of Rajshahi Reading Room 29/10/1990 Shawket Osman 0.00   598.218 NIF 1972 06/03/2014 C-1 Books